A lemery archaeological sequence / (Record no. 33445)
[ view plain ]
| 000 -LEADER | |
|---|---|
| fixed length control field | 01270nam a2200229 4500 |
| 008 - FIXED-LENGTH DATA ELEMENTS--GENERAL INFORMATION | |
| fixed length control field | 090629s2008 ph ab b 001 0 eng |
| 020 ## - INTERNATIONAL STANDARD BOOK NUMBER | |
| International Standard Book Number | 9789715505529 :Php600.00/gift :Eugene & Anita Choi |
| 090 ## - LOCALLY ASSIGNED LC-TYPE CALL NUMBER (OCLC); LOCAL CALL NUMBER (OCLC) | |
| Classification number (OCLC) (R) ; Classification number, CALL (RLIN) (NR) | DS689.L45 |
| Local cutter number (OCLC) ; Book number/undivided call number, CALL (RLIN) | L81 |
| -- | 2008 |
| 100 1# - MAIN ENTRY--PERSONAL NAME | |
| Personal name | Locsin, Cecilia Y. |
| 245 12 - TITLE STATEMENT | |
| Title | A lemery archaeological sequence / |
| Statement of responsibility, etc | Cecilia Yulo-Locsin, Maria Isabel G. Ongpin, Socorro Paz P. Paterno. |
| 260 ## - PUBLICATION, DISTRIBUTION, ETC. (IMPRINT) | |
| Place of publication, distribution, etc | Quezon City : |
| Name of publisher, distributor, etc | Ateneo de Manila University Press, |
| Date of publication, distribution, etc | c2008. |
| 300 ## - PHYSICAL DESCRIPTION | |
| Extent | xiv, 301 p., 1 folded sheet : |
| Other physical details | ill. (some col.), maps ; |
| Dimensions | 29 cm. |
| 504 ## - BIBLIOGRAPHY, ETC. NOTE | |
| Bibliography, etc | Includes bibliographical references (p. 287-294) and index. |
| 505 0# - FORMATTED CONTENTS NOTE | |
| Title | The Literature -- |
| -- | The Excavations -- |
| -- | The Cultural sequence -- |
| -- | The Obsidian non-geometric microlith assemblage -- |
| -- | Lithic and bone recoveries from the obsidian microlith cultural layer -- |
| -- | The Burial ceramic assemblage -- |
| -- | Conclusions and recommendations. |
| 650 #4 - SUBJECT ADDED ENTRY--TOPICAL TERM | |
| Topical term or geographic name as entry element | Archaeological site location |
| Geographic subdivision | Philippines |
| -- | Batangas |
| -- | Lemery. |
| 650 #4 - SUBJECT ADDED ENTRY--TOPICAL TERM | |
| Topical term or geographic name as entry element | Salvage archaeology |
| Geographic subdivision | Philippines |
| -- | Batangas |
| -- | Lemery. |
| 651 #4 - SUBJECT ADDED ENTRY--GEOGRAPHIC NAME | |
| Geographic name | Lemery, Batangas (Philippines) |
| General subdivision | Antiquities. |
| 951 ## - EQUIVALENCE OR CROSS-REFERENCE-GEOGRAPHIC NAME/AREA NAME [OBSOLETE] [CAN/MARC only] | |
| General subdivision | 00037934 |
| 700 1# - ADDED ENTRY--PERSONAL NAME | |
| Personal name | Ongpin, Maria Isabel G. |
| 700 1# - ADDED ENTRY--PERSONAL NAME | |
| Personal name | Paterno, Socorro Paz P. |
| 951 ## - EQUIVALENCE OR CROSS-REFERENCE-GEOGRAPHIC NAME/AREA NAME [OBSOLETE] [CAN/MARC only] | |
| -- | 33095 |
| -- | FILDS689.L45/L81/2008 |
| -- | 090629173613445 |
| -- | 2000-12-21 |
| -- | FIL |
| Withdrawn status | Lost status | Damaged status | Not for loan | Home library | Current library | Shelving location | Date acquired | Accession number | Shelving control number | Total Checkouts | Full call number | Barcode | Date last seen | Price effective from | Koha item type |
|---|---|---|---|---|---|---|---|---|---|---|---|---|---|---|---|
| BSOP Library | BSOP Library | Filipiniana | 12/21/2000 | 33095 | 127 | FILDS689.L45/L81/2008 | 00037934 | 02/23/2013 | 02/23/2013 | Books |
